000 00793nam a2200265 a 4500
001 BRCA_5175
005 20190320204954.0
008 910419s1952 sp-a######---#000-0#spa-#
041 _aspa
044 _asp
050 4 _aN3750
_b.T74 1952
100 1 _aTrens, Manuel
_97672
245 1 0 _aLas custodias españolas
_cManuel Trens, conservador del Museo Diocesano de Barcelona.
260 _aBarcelona
_bLitúrgica Española
_c1952
300 _a76 p.
_bil., 104 láminas
_c25 cm.
500 _aIncluye índice de poblaciones
500 _aEstado físico: Sobrecubierta deteriorada
500 _aDD69
650 1 4 _aArte y religión
_913237
650 1 4 _aArte español
_92063
650 1 4 _aEucaristía
_xArte
_97673
650 1 4 _aArte
_xHistoria
_913238
902 _aGFM
942 _2lcc
_cB
999 _c4869
_d4869